000 00488nam a2200169Ia 4500
008 090201s9999 xx 000 0 und d
010 _aKPL-33367
040 _bमराठी
041 _aमराठी
082 _a41816
_b33367
100 _aसुनीती आफळे
245 _aकेवडा
_cसुनीती आफळे
260 _c2004
_bआरती प्रकाशन
300 _a148
_bमोठा
600 _aकेवडा
942 _cBOOK
999 _c238997
_d238997